Cây thuốc vườn trường

Na minha lista:
Detalhes bibliográficos
Autor principal: Nguyễn Hữu Đảng
Formato: Livro
Idioma:Undetermined
Publicado em: Hà Nội Giáo Dục 1997
Assuntos:
Tags: Adicionar Tag
Sem tags, seja o primeiro a adicionar uma tag!
Thư viện lưu trữ: Trung tâm Học liệu Trường Đại học Cần Thơ
LEADER 00596nam a2200193Ia 4500
001 CTU_29666
008 210402s9999 xx 000 0 und d
020 |b 9.400đ 
082 |a 615.882 
082 |b Đ106 
100 |a Nguyễn Hữu Đảng 
245 0 |a Cây thuốc vườn trường 
245 0 |c Nguyễn Hữu Đảng 
260 |a Hà Nội 
260 |b Giáo Dục 
260 |c 1997 
650 |a botany, medical - vietnam,folk medicine - formulae, receipts, prescriptions 
904 |i Minh, 990416 
980 |a Trung tâm Học liệu Trường Đại học Cần Thơ